000
00291nam a22001217a 4500
008
180906b xxu||||| |||| 00| 0 eng d
041
_a
eng
080
_a
574
100
_a
9
101
_a
MJE
245
_a
Systems Approach To Animal Health And Production
_c
KnappW,F
942
_2
udc
_c
BK
999
_c
47567
_d
47567